[Event "GER-ch U25-A"]
[Site "Willingen"]
[Date "2023.05.29"]
[Round "3"]
[White "Savchenko, Daniel"]
[Black "Korbel, Joshua"]
[Result "1/2-1/2"]
[WhiteElo "2104"]
[BlackElo "1682"]
[PlyCount "99"]
[EventDate "2023.05.27"]
[EventType "swiss"]
[EventRounds "9"]
[EventCountry "GER"]
[SourceTitle "CBM 214 Extra"]
[Source "ChessBase"]
[SourceDate "2023.07.31"]
[SourceVersion "1"]
[SourceVersionDate "2023.07.31"]
[SourceQuality "1"]

1. e4 g6 2. d4 Bg7 3. Nf3 d6 4. h3 a6 5. Bd3 Nc6 6. c3 e5 7. dxe5 Nxe5 8. Nxe5 Bxe5 9. 0-0 Be6 10. f4 Bg7 11. Qf3 Qe7 12. Be3 0-0-0 13. Nd2 Nf6 14. Bd4 d5 15. e5 Nd7 16. b4 f6 17. exf6 Bxf6 18. Nb3 Rhf8 19. Rae1 Qd6 20. Nc5 Bxd4+ 21. cxd4 Nxc5 22. dxc5 Qc6 23. Re5 Bf5 24. Bxf5+ Rxf5 25. Re7 h5 26. a3 Qf6 27. Qe3 g5 28. Re6 Qf8 29. c6 Rxf4 30. Rxf4 Qxf4 31. cxb7+ Kxb7 32. Qc5 Qc4 33. Qe7 Rg8 34. Re1 g4 35. Qf7 Qd4+ 36. Qf2 Qxf2+ 37. Kxf2 gxh3 38. gxh3 Rg5 39. Re6 c6 40. Re8 Kb6 41. Rb8+ Kc7 42. Rf8 Re5 43. Ra8 Kb7 44. Rd8 Re4 45. Rh8 h4 46. Kf3 Rc4 47. Ke2 Kb6 48. Rb8+ Kc7 49. Rh8 Kb6 50. Rb8+ 1/2-1/2